|
|
|
|
| LEADER |
01330nam a2200337 a 4500 |
| 001 |
28647 |
| 003 |
BD-DhAAL |
| 005 |
20150119145430.0 |
| 008 |
141209s1997 nyu b 001 0 eng |
| 010 |
|
|
|a 97028041
|
| 020 |
|
|
|a 1856495256 (hb)
|
| 020 |
|
|
|a 1856495264 (pb)
|
| 040 |
|
|
|a DLC
|c DLC
|d DLC
|d BD-DhAAL
|
| 050 |
0 |
0 |
|a HQ1240
|b .G47 1997
|
| 082 |
0 |
0 |
|a 305.42
|2 21
|
| 245 |
0 |
0 |
|a Getting institutions right for women in development /
|c edited by Anne Marie Goetz.
|
| 260 |
|
|
|a New York :
|b Zed Books,
|c 1997.
|
| 300 |
|
|
|a 248 p. ;
|c 23 cm.
|
| 504 |
|
|
|a Includes bibliographical references and index.
|
| 541 |
|
|
|e 28647
|
| 650 |
|
0 |
|a Women in development.
|9 6749
|
| 650 |
|
0 |
|a Women
|x Political activity.
|9 5956
|
| 650 |
|
0 |
|a Women
|x Government policy.
|9 6755
|
| 650 |
|
0 |
|a Organizational change.
|9 6756
|
| 650 |
|
0 |
|a Organizational behavior.
|9 6652
|
| 650 |
|
0 |
|a Communication in organizations.
|9 6757
|
| 700 |
1 |
|
|a Goetz, Anne Marie,
|d 1961-
|9 6758
|
| 942 |
|
|
|2 ddc
|c BK
|
| 999 |
|
|
|c 33280
|d 33280
|
| 952 |
|
|
|0 0
|1 0
|2 ddc
|4 0
|6 305_420000000000000_GET
|7 0
|9 44438
|a BRACUL
|b BRACUL
|c GEN
|d 2014-12-09
|e Development Book Agency
|g 2800.00
|l 0
|o 305.42 GET
|p 3010028647
|r 2014-12-09
|t 1
|w 2014-12-09
|y BK
|
| 952 |
|
|
|0 0
|1 0
|2 ddc
|4 0
|6 305_420000000000000_GET
|7 0
|9 52677
|a SCL
|b SCL
|c GEN
|d 2015-02-17
|l 0
|o 305.42 GET
|p 3020002375
|r 2015-02-17
|t 2
|w 2015-02-17
|y BK
|